| 000 | 00581nam a2200181Ia 4500 | ||
|---|---|---|---|
| 008 | 090124s9999 xx 000 0 und d | ||
| 082 |
_b21483 _a2500 |
||
| 100 | _aकुलकर्णी द. भि. | ||
| 245 | _a तिसऱ्यांदा रणांगण | ||
| 250 | _a1 | ||
| 260 | _c1976 | ||
| 300 | _a164 | ||
| 600 | _aकुलकर्णी द. भि. | ||
| 630 | _a तिसऱ्यांदा रणांगण | ||
| 700 | _aकुलकर्णी द. भि. | ||
| 730 | _a तिसऱ्यांदा रणांगण | ||
| 942 | _cBOOK | ||
| 999 |
_c135143 _d135143 |
||